[Event "4NCL/Div2a/BRJ vs. ANGA"]
[Site "Sunningdale ENG"]
[Date "2009.10.25"]
[Round "2.5"]
[White "Headlong, Timothy"]
[Black "Gray, Mark S"]
[Result "1/2-1/2"]
[WhiteElo "2188"]
[BlackElo "2089"]
[PlyCount "107"]
[EventDate "2009.10.25"]
[EventRounds "11"]
[EventCountry "ENG"]
[SourceDate "2009.10.24"]

1. c4 e6 2. Nf3 d5 3. g3 Nf6 4. Bg2 Be7 5. O-O O-O 6. d4 c6 7. Qc2 Nbd7 8. b3
b6 9. Bb2 Ba6 10. Nbd2 Rc8 11. e4 c5 12. e5 Ne8 13. dxc5 Bxc5 14. Qd3 Nc7 15.
Rfd1 Qe7 16. Rac1 Rfd8 17. Qb1 Nf8 18. Qa1 Ba3 19. Nd4 Bxb2 20. Qxb2 Bb7 21. b4
Na6 22. a3 dxc4 23. Nxc4 Bxg2 24. Kxg2 Qb7+ 25. f3 Rd5 26. b5 Nb8 27. Nd6 Rxc1
28. Rxc1 Qd7 29. Nc6 Rxd6 30. exd6 Qxd6 31. Nxb8 Qxb8 32. Qc3 Qd6 33. Rc2 h6
34. Rd2 Qe7 35. Qb4 Qg5 36. h4 Qf6 37. Qd4 Qe7 38. Qd6 Qf6 39. a4 Qc3 40. Qd4
Qc7 41. Qd3 Qe5 42. Qe4 Qc3 43. Rc2 Qb3 44. Qc4 Qb1 45. Qa2 Qb4 46. Rc7 Qa5 47.
Kf2 h5 48. Ke2 Ng6 49. Qc2 Qb4 50. Rxa7 Qd4 51. a5 bxa5 52. Ra8+ Kh7 53. Kf1
Qd5 54. Qe4 1/2-1/2

[Event "4NCL/Div2a/BRJ vs. ANGA"]
[Site "Sunningdale ENG"]
[Date "2009.10.25"]
[Round "2.6"]
[White "Merry, Alan B"]
[Black "Richmond, Jane"]
[Result "1-0"]
[WhiteElo "2074"]
[BlackElo "2118"]
[PlyCount "149"]
[EventDate "2009.10.25"]
[EventRounds "11"]
[EventCountry "ENG"]
[SourceDate "2009.10.24"]

1. d4 e6 2. c4 Nf6 3. Nc3 Bb4 4. Qc2 d5 5. cxd5 Qxd5 6. Nf3 Qf5 7. Qxf5 exf5 8.
a3 Be7 9. Bf4 c6 10. e3 Be6 11. Ng5 Nbd7 12. Nxe6 fxe6 13. Bc4 Nd5 14. Kd2 Bf6
15. Rhe1 Kf7 16. Nxd5 exd5 17. Bd3 g6 18. b4 Rhc8 19. Rab1 Be7 20. Rec1 Ke6 21.
h3 Bd6 22. Bxd6 Kxd6 23. g4 fxg4 24. hxg4 Rf8 25. Ke2 Rae8 26. g5 Rf7 27. Rf1
Nf8 28. Kd2 Ne6 29. f4 Rfe7 30. a4 Nf8 31. Rfe1 Nd7 32. a5 a6 33. Rbc1 Nf8 34.
Rc3 Ne6 35. Rec1 Nc7 36. Be2 Ke6 37. Bg4+ Kf7 38. Rf1 Nb5 39. Rb3 Nd6 40. Rf3
Kg7 41. Rh3 Rb8 42. Be2 b6 43. Kc2 bxa5 44. bxa5 Rxb3 45. Kxb3 Nb5 46. Kb4 Nxd4
47. Bxa6 Nc2+ 48. Kc5 Nxe3 49. Kxc6 d4 50. Bd3 Re8 51. a6 Rc8+ 52. Kb7 Rc3 53.
a7 Rb3+ 54. Kc8 Ra3 55. Kb7 Rb3+ 56. Kc6 Ra3 57. Kb6 Nd5+ 58. Kb7 Rb3+ 59. Kc6
Ne7+ 60. Kc7 Ra3 61. Kb7 Rb3+ 62. Bb5 Rxb5+ 63. Ka6 Rb1 64. a8=Q Ra1+ 65. Kb7
Rxa8 66. Kxa8 Nf5 67. Kb7 h6 68. Kc6 h5 69. Kd5 Kf7 70. Ke5 Ke7 71. Ra3 Kd7 72.
Kf6 Ne3 73. Rd3 Nd5+ 74. Ke5 Ke7 75. Kxd5 1-0

[Event "4NCL/Div2a/BRJ vs. ANGA"]
[Site "Sunningdale ENG"]
[Date "2009.10.25"]
[Round "2.7"]
[White "Tomboline, David"]
[Black "Cook, Michael P"]
[Result "0-1"]
[WhiteElo "1987"]
[BlackElo "2073"]
[PlyCount "74"]
[EventDate "2009.10.25"]
[EventRounds "11"]
[EventCountry "ENG"]
[SourceDate "2009.10.24"]

1. d4 d5 2. Bf4 c5 3. e3 Nc6 4. c3 Nf6 5. Bd3 cxd4 6. exd4 Bg4 7. Qb3 Qd7 8. h3
Bh5 9. Nd2 Bg6 10. Bxg6 hxg6 11. Ngf3 e6 12. O-O Be7 13. Rfe1 O-O 14. Ne5 Nxe5
15. dxe5 Nh7 16. c4 Rfd8 17. Rad1 Rac8 18. cxd5 Qxd5 19. Qxd5 Rxd5 20. Nb3 Rxd1
21. Rxd1 Nf8 22. Rd2 g5 23. Bg3 b6 24. a4 Kh7 25. Kf1 Rc7 26. Nd4 a6 27. f4
gxf4 28. Bxf4 Ng6 29. Bg3 Bg5 30. Re2 Rc1+ 31. Be1 Bh4 32. Nf3 Bg3 33. Ng5+ Kg8
34. Nf3 Nf4 35. Re3 Bxe1 36. Nxe1 Rb1 37. Rf3 Nxg2 0-1

[Event "4NCL/Div2a/BRJ vs. ANGA"]
[Site "Sunningdale ENG"]
[Date "2009.10.25"]
[Round "2.8"]
[White "Wallis, Ian J"]
[Black "Tanner, Gary J"]
[Result "1-0"]
[WhiteElo "1982"]
[BlackElo "1690"]
[PlyCount "67"]
[EventDate "2009.10.25"]
[EventRounds "11"]
[EventCountry "ENG"]
[SourceDate "2009.10.24"]

1. e4 c6 2. d4 d5 3. exd5 cxd5 4. Bd3 Nc6 5. c3 Qc7 6. h3 Nf6 7. Nf3 e6 8. O-O
Bd6 9. Re1 Bd7 10. a4 Ne7 11. Ne5 Ng6 12. f4 a6 13. Qe2 Bxe5 14. fxe5 Ng8 15.
Rf1 f6 16. Qh5 f5 17. Bg5 N8e7 18. Bxe7 Kxe7 19. g4 Raf8 20. Nd2 Qc8 21. Rae1
Kd8 22. gxf5 exf5 23. Nb3 Ne7 24. Nc5 g6 25. Qg5 h6 26. Qg2 Bc6 27. b4 b5 28.
axb5 Bxb5 29. Bxb5 axb5 30. Ra1 Ke8 31. e6 Rf6 32. Ra6 Nc6 33. Qxd5 Ne7 34. Ra8
1-0

[Event "4NCL/Div2b/BRI1 vs. CHED"]
[Site "Sunningdale ENG"]
[Date "2009.10.25"]
[Round "2.1"]
[White "Beaumont, Chris R"]
[Black "Gormally, Daniel W"]
[Result "1/2-1/2"]
[WhiteElo "2306"]
[BlackElo "2479"]
[PlyCount "122"]
[EventDate "2009.10.25"]
[EventRounds "11"]
[EventCountry "ENG"]
[SourceDate "2009.10.24"]

1. Nf3 Nf6 2. c4 c6 3. d4 d5 4. e3 e6 5. Nbd2 Nbd7 6. b3 Bd6 7. Bb2 O-O 8. Bd3
Qe7 9. Ne5 Ba3 10. Bxa3 Qxa3 11. O-O dxc4 12. Ndxc4 Qe7 13. Rc1 Rd8 14. Qc2 c5
15. dxc5 Qxc5 16. Qb2 b5 17. Nxd7 Bxd7 18. Ne5 Qb6 19. Be2 Be8 20. Bf3 Rac8 21.
h3 h6 22. Rxc8 Rxc8 23. Rc1 Rxc1+ 24. Qxc1 Qd6 25. Nc6 a6 26. Qc3 Kf8 27. b4
Bxc6 28. Qxc6 Qxc6 29. Bxc6 Ke7 30. Bb7 Kd6 31. a3 Nd5 32. Kf1 Nc3 33. Ke1 Kc7
34. Bxa6 Kb6 35. Bc8 Kc7 36. Ba6 Kb6 37. Bc8 Kc6 38. f4 Kc7 39. Ba6 Kb6 40. Bc8
Nd5 41. f5 exf5 42. Bxf5 Nxe3 43. Be4 Nc4 44. Ke2 Nxa3 45. Ke3 Nc4+ 46. Kd4 Nd6
47. Bd3 Kc6 48. g4 Ne8 49. Be4+ Kd6 50. Bd3 Nc7 51. Be2 Nd5 52. Bxb5 Nxb4 53.
Bc4 Nc6+ 54. Ke4 Ke7 55. h4 Kf6 56. Kf4 g5+ 57. hxg5+ hxg5+ 58. Ke4 Ne5 59. Be2
Ke6 60. Bd1 Nd7 61. Bb3+ Kf6 1/2-1/2

[Event "4NCL/Div2b/BRI1 vs. CHED"]
[Site "Sunningdale ENG"]
[Date "2009.10.25"]
[Round "2.2"]
[White "Arkell, Keith C"]
[Black "Rudd, Jack"]
[Result "0-1"]
[WhiteElo "2478"]
[BlackElo "2296"]
[PlyCount "108"]
[EventDate "2009.10.25"]
[EventRounds "11"]
[EventCountry "ENG"]
[SourceDate "2009.10.24"]

1. d4 Nf6 2. Nf3 e6 3. c3 c5 4. Bg5 Be7 5. Nbd2 Nc6 6. e4 d5 7. e5 Nd7 8. Bxe7
Qxe7 9. Bd3 a6 10. O-O g5 11. Kh1 h5 12. dxc5 Nxc5 13. Bc2 g4 14. Nd4 Nxe5 15.
f4 Nc6 16. f5 e5 17. f6 Qd6 18. Nxc6 bxc6 19. Qe2 Be6 20. Rad1 Qc7 21. b4 Nd7
22. c4 g3 23. cxd5 cxd5 24. Ba4 Rb8 25. Rc1 Qd6 26. Rc6 Qxb4 27. Rxa6 e4 28.
Qe3 h4 29. h3 Kd8 30. Rc1 Qb2 31. Rac6 Qxf6 32. Qa7 Ke7 33. Rc7 Rhd8 34. Qc5+
Ke8 35. Qd6 Qb2 36. Nb3 Ra8 37. R7c2 Qf6 38. Nc5 Rxa4 39. Nxa4 Ne5 40. Rc8 Nd3
41. Qc6+ Kf8 42. Qd6+ Kg7 43. Qxd8 Qxd8 44. Rxd8 Nxc1 45. Nc3 e3 46. a4 Nb3 47.
Ne2 Kf6 48. Kg1 Ke5 49. Kf1 d4 50. a5 Bc4 51. Rc8 d3 52. Re8+ Kd6 53. a6 dxe2+
54. Ke1 Na1 0-1

[Event "4NCL/Div2b/BRI1 vs. CHED"]
[Site "Sunningdale ENG"]
[Date "2009.10.25"]
[Round "2.3"]
[White "Franklin, Michael"]
[Black "Eggleston, David J"]
[Result "1/2-1/2"]
[WhiteElo "2203"]
[BlackElo "2368"]
[PlyCount "94"]
[EventDate "2009.10.25"]
[EventRounds "11"]
[EventCountry "ENG"]
[SourceDate "2009.10.24"]

1. d4 Nf6 2. Nf3 e6 3. e3 c5 4. c3 Nc6 5. Bd3 d5 6. Nbd2 Bd6 7. O-O O-O 8. dxc5
Bxc5 9. e4 Qc7 10. Qe2 h6 11. Bc2 Bd6 12. h3 Bd7 13. Re1 dxe4 14. Nxe4 Nxe4 15.
Qxe4 f5 16. Qc4 Rae8 17. Be3 Kh8 18. Rad1 e5 19. Rxd6 Qxd6 20. Bc5 Qf6 21. Bxf8
Rxf8 22. Rd1 Be8 23. Qc5 b6 24. Qd6 e4 25. Qxf6 Rxf6 26. Nd4 Bh5 27. g4 Nxd4
28. Rxd4 fxg4 29. Bxe4 g5 30. Rd8+ Kg7 31. Rd7+ Rf7 32. Rxf7+ Bxf7 33. hxg4
Bxa2 34. Kg2 Kf6 35. Kf3 Be6 36. Bd3 Ke5 37. Be2 a5 38. Ke3 Bd7 39. f3 b5 40.
Bd3 Be8 41. Be4 Bf7 42. Bc6 b4 43. cxb4 axb4 44. Be4 Bc4 45. Bc2 Be6 46. Be4
Bd5 47. Kd3 Be6 1/2-1/2

[Event "4NCL/Div2b/BRI1 vs. CHED"]
[Site "Sunningdale ENG"]
[Date "2009.10.25"]
[Round "2.4"]
[White "Wallace, Paul A"]
[Black "Buckley, David E"]
[Result "1/2-1/2"]
[WhiteElo "2238"]
[BlackElo "2274"]
[PlyCount "85"]
[EventDate "2009.10.25"]
[EventRounds "11"]
[EventCountry "ENG"]
[SourceDate "2009.10.24"]

1. e4 Nf6 2. e5 Nd5 3. d4 d6 4. Nf3 dxe5 5. Nxe5 c6 6. Qf3 Be6 7. Bd2 Qb6 8.
Bc3 Nxc3 9. Qxc3 g6 10. Nd2 Bg7 11. Bc4 Bxc4 12. Ndxc4 Qc7 13. O-O Nd7 14. Nxd7
Qxd7 15. Ne5 Bxe5 16. dxe5 O-O-O 17. Rfe1 Qe6 18. a4 Rd5 19. b4 Kb8 20. Qe3
Rhd8 21. b5 Rd2 22. Re2 Rxe2 23. Qxe2 Rd5 24. bxc6 Rxe5 25. Qd2 Qxc6 26. Rd1
Qd6 27. Qc1 Rd5 28. Rxd5 Qxd5 29. g3 g5 30. h4 h6 31. hxg5 hxg5 32. Qe3 e6 33.
Qc3 a6 34. a5 g4 35. Qh8+ Ka7 36. Qc3 e5 37. Qe3+ Qd4 38. Qa3 Qd1+ 39. Kh2 Qxc2
40. Qe3+ Ka8 41. Qxe5 Qxf2+ 42. Kh1 Ka7 43. Qb8+ 1/2-1/2

[Event "4NCL/Div2b/BRI1 vs. CHED"]
[Site "Sunningdale ENG"]
[Date "2009.10.25"]
[Round "2.5"]
[White "Dilleigh, Stephen P"]
[Black "Jackson, Sheila"]
[Result "1/2-1/2"]
[WhiteElo "2120"]
[BlackElo "2160"]
[PlyCount "79"]
[EventDate "2009.10.25"]
[EventRounds "11"]
[EventCountry "ENG"]
[SourceDate "2009.10.24"]

1. d4 Nf6 2. c4 e6 3. Nc3 Bb4 4. e3 O-O 5. Bd3 c5 6. Nf3 d5 7. O-O Nc6 8. a3
cxd4 9. exd4 Bxc3 10. bxc3 dxc4 11. Bxc4 Qa5 12. Qe2 Qxc3 13. Bd2 Qc2 14. Bd3
Qa4 15. Rfc1 Nxd4 16. Nxd4 Qxd4 17. Bc3 Qh4 18. g3 Qh5 19. Qxh5 Nxh5 20. Bb4
Rd8 21. Rd1 f5 22. Be2 Rxd1+ 23. Rxd1 Nf6 24. Rd8+ Kf7 25. Bc4 Nd5 26. Bxd5
exd5 27. f4 a5 28. Bc5 b5 29. Kf2 b4 30. axb4 axb4 31. Bxb4 Ra2+ 32. Ke3 Be6
33. h4 h5 34. Rf8+ Kg6 35. Re8 Bf7 36. Rd8 Rc2 37. Rd6+ Kh7 38. Rd7 Kg8 39.
Rd8+ Kh7 40. Rd7 1/2-1/2

[Event "4NCL/Div2b/BRI1 vs. CHED"]
[Site "Sunningdale ENG"]
[Date "2009.10.25"]
[Round "2.6"]
[White "McKenna, Jason P"]
[Black "Bennett, Dominic"]
[Result "0-1"]
[WhiteElo "2155"]
[BlackElo "2098"]
[PlyCount "58"]
[EventDate "2009.10.25"]
[EventRounds "11"]
[EventCountry "ENG"]
[SourceDate "2009.10.24"]

1. e4 c5 2. Nf3 d6 3. d4 cxd4 4. Nxd4 Nf6 5. Nc3 a6 6. g3 e6 7. Bg2 Be7 8. O-O
O-O 9. Be3 Qc7 10. Qe2 Bd7 11. Rad1 Nc6 12. f4 Nxd4 13. Bxd4 e5 14. Be3 b5 15.
a3 Rab8 16. f5 a5 17. Rf2 Rfc8 18. g4 b4 19. axb4 axb4 20. Nd5 Nxd5 21. exd5
Bh4 22. Be4 Bb5 23. Qf3 Bxf2+ 24. Kxf2 b3 25. c3 f6 26. h4 Ra8 27. g5 Ra2 28.
Rd2 Qc4 29. Kg3 Ra4 0-1

[Event "4NCL/Div2b/BRI1 vs. CHED"]
[Site "Sunningdale ENG"]
[Date "2009.10.25"]
[Round "2.7"]
[White "Pugh, Derek C"]
[Black "Gregory, Philip J"]
[Result "1/2-1/2"]
[WhiteElo "2122"]
[BlackElo "2110"]
[PlyCount "63"]
[EventDate "2009.10.25"]
[EventRounds "11"]
[EventCountry "ENG"]
[SourceDate "2009.10.24"]

1. e4 e5 2. Nc3 Nf6 3. Bc4 Bc5 4. Qf3 Nc6 5. Nge2 d6 6. d3 Be6 7. Bg5 Nd4 8.
Nxd4 Bxd4 9. Bb3 c6 10. O-O h6 11. Bxe6 fxe6 12. Qh3 Qd7 13. Be3 O-O 14. Bxd4
exd4 15. Ne2 c5 16. f4 e5 17. Qxd7 Nxd7 18. b3 b5 19. a4 a6 20. fxe5 Nxe5 21.
Rxf8+ Rxf8 22. axb5 axb5 23. h3 Nc6 24. Ra6 Nb4 25. Rxd6 Nxc2 26. Rc6 Ne3 27.
Ng3 Ra8 28. Rxc5 Ra2 29. Nf5 Rxg2+ 30. Kh1 Rd2 31. Nxd4 Rxd3 32. Nxb5 1/2-1/2

[Event "4NCL/Div2b/BRI1 vs. CHED"]
[Site "Sunningdale ENG"]
[Date "2009.10.25"]
[Round "2.8"]
[White "Bennett, Patrick J"]
[Black "Zhang, Roy Y"]
[Result "1-0"]
[WhiteElo "2087"]
[BlackElo "2010"]
[PlyCount "51"]
[EventDate "2009.10.25"]
[EventRounds "11"]
[EventCountry "ENG"]
[SourceDate "2009.10.24"]

1. Nf3 d5 2. g3 Nf6 3. Bg2 e6 4. O-O Be7 5. d3 O-O 6. Nbd2 c5 7. e4 Nc6 8. Re1
b6 9. e5 Nd7 10. Nf1 Bb7 11. h4 d4 12. a3 b5 13. Bf4 Nb6 14. Ng5 h6 15. Ne4 c4
16. Qh5 cxd3 17. cxd3 Nd5 18. Nh2 b4 19. Ng4 Nxf4 20. gxf4 bxa3 21. bxa3 Re8
22. Nxh6+ gxh6 23. Qxh6 Bxh4 24. Nf6+ Bxf6 25. exf6 Qxf6 26. Qxf6 1-0

[Event "4NCL/Div2b/WWKS1 vs. GUI3"]
[Site "Sunningdale ENG"]
[Date "2009.10.25"]
[Round "2.1"]
[White "Thomas, Nicholas"]
[Black "Stimpson, Philip M"]
[Result "1-0"]
[WhiteElo "2291"]
[BlackElo "2085"]
[PlyCount "115"]
[EventDate "2009.10.25"]
[EventRounds "11"]
[EventCountry "ENG"]
[SourceDate "2009.10.24"]

1. e4 c5 2. Nc3 Nc6 3. g3 g6 4. Bg2 Bg7 5. d3 d6 6. f4 e6 7. Nf3 Nge7 8. O-O
O-O 9. Be3 Nd4 10. Bf2 e5 11. Nxd4 cxd4 12. Ne2 Nc6 13. c3 Bg4 14. cxd4 Nxd4
15. Bxd4 exd4 16. h3 Bxe2 17. Qxe2 Qb6 18. h4 Rac8 19. Rfc1 Rc5 20. Bh3 Re8 21.
Rxc5 Qxc5 22. Qd2 Qh5 23. Qd1 Qa5 24. Qc2 Bf6 25. a3 Qh5 26. Qd1 Qxd1+ 27. Rxd1
Bd8 28. Rc1 Bb6 29. Rc8 Rd8 30. Rc4 Bc5 31. b4 b5 32. Rc2 Bb6 33. Bc8 Re8 34.
Kg2 Re7 35. Ba6 Rc7 36. Rxc7 Bxc7 37. Bxb5 a5 38. Bc4 axb4 39. axb4 Kf8 40. Kf3
Ke7 41. Kg4 h6 42. Bd5 Kf6 43. Bc6 Ke7 44. Bb7 Kf6 45. Bc8 Ke7 46. Kf3 Kd8 47.
Bb7 Kd7 48. Bd5 Ke7 49. Ke2 f5 50. exf5 gxf5 51. Kd2 Kf6 52. Kc2 Ke7 53. Kb3
Kd7 54. Kc4 Ke7 55. Kb5 Kd7 56. h5 Bd8 57. Ka6 Kc7 58. Ka7 1-0

[Event "4NCL/Div2b/WWKS1 vs. GUI3"]
[Site "Sunningdale ENG"]
[Date "2009.10.25"]
[Round "2.2"]
[White "Dekker, Alain S"]
[Black "James, Russell A"]
[Result "1/2-1/2"]
[WhiteElo "2109"]
[BlackElo "2226"]
[PlyCount "61"]
[EventDate "2009.10.25"]
[EventRounds "11"]
[EventCountry "ENG"]
[SourceDate "2009.10.24"]

1. e4 e5 2. Nf3 Nc6 3. Bc4 Nf6 4. Ng5 d5 5. exd5 Na5 6. Bb5+ Bd7 7. Qe2 Be7 8.
Bxd7+ Qxd7 9. d3 Nxd5 10. Nf3 Nc6 11. Nxe5 Nxe5 12. Qxe5 O-O-O 13. O-O Bf6 14.
Qh5 Rhe8 15. h3 g6 16. Qf3 Re5 17. c3 Rf5 18. Qe4 Re8 19. Qg4 h5 20. Qd1 Bg5
21. Nd2 Be3 22. Nf3 Bxc1 23. Rxc1 Nf4 24. Re1 Rxe1+ 25. Nxe1 Qe7 26. Kf1 g5 27.
Qf3 Qf6 28. Rc2 Nd5 29. Qe4 Re5 30. Qf3 Rf5 31. Qe4 1/2-1/2

[Event "4NCL/Div2b/WWKS1 vs. GUI3"]
[Site "Sunningdale ENG"]
[Date "2009.10.25"]
[Round "2.3"]
[White "Mason, Donald J"]
[Black "Hill, David F"]
[Result "1/2-1/2"]
[WhiteElo "2255"]
[BlackElo "2048"]
[PlyCount "45"]
[EventDate "2009.10.25"]
[EventRounds "11"]
[EventCountry "ENG"]
[SourceDate "2009.10.24"]

1. d4 Nf6 2. c4 c6 3. Nc3 d5 4. Nf3 dxc4 5. a4 Bf5 6. Ne5 Nbd7 7. Nxc4 Qc7 8.
g3 e5 9. dxe5 Nxe5 10. Bf4 Nfd7 11. Bg2 O-O-O 12. O-O f6 13. Nxe5 Nxe5 14. Qb3
Qf7 15. Qxf7 Nxf7 16. a5 a6 17. e4 Be6 18. Na4 Ne5 19. Rfc1 Bb4 20. Nb6+ Kb8
21. Nc4 Bxc4 22. Rxc4 Bd2 23. Bxe5+ 1/2-1/2

[Event "4NCL/Div2b/WWKS1 vs. GUI3"]
[Site "Sunningdale ENG"]
[Date "2009.10.25"]
[Round "2.4"]
[White "Shepley, Julien M"]
[Black "Fishburne, Stewart K"]
[Result "0-1"]
[WhiteElo "2022"]
[BlackElo "2106"]
[PlyCount "92"]
[EventDate "2009.10.25"]
[EventRounds "11"]
[EventCountry "ENG"]
[SourceDate "2009.10.24"]

1. d4 g6 2. Nc3 Bg7 3. Nf3 d6 4. Bf4 Nd7 5. Qd2 c5 6. d5 Qb6 7. Rb1 Qb4 8. a3
Bxc3 9. axb4 Bxd2+ 10. Bxd2 Ngf6 11. c4 Ne4 12. bxc5 Nxd2 13. Nxd2 Nxc5 14. b4
Nd7 15. g3 a5 16. bxa5 Rxa5 17. Bg2 Ra2 18. Kd1 Nc5 19. Re1 Bd7 20. Kc1 Bf5 21.
Rb2 Ra1+ 22. Nb1 Rxb1+ 23. Rxb1 Bxb1 24. Kxb1 Kd7 25. Kb2 Ra8 26. Ra1 Rxa1 27.
Kxa1 Kc7 28. Kb2 Kb6 29. Kc3 Ka5 30. f4 Na4+ 31. Kd4 Kb4 32. e4 Nc5 33. e5 Nb3+
34. Kd3 Nc5+ 35. Kd4 Nb3+ 36. Kd3 Na5 37. exd6 exd6 38. g4 Nxc4 39. Kd4 Na5 40.
h4 Nb3+ 41. Kd3 Kc5 42. h5 Nd4 43. hxg6 hxg6 44. Be4 f5 45. gxf5 Nxf5 46. Kc3
Ne7 0-1

[Event "4NCL/Div2b/WWKS1 vs. GUI3"]
[Site "Sunningdale ENG"]
[Date "2009.10.25"]
[Round "2.5"]
[White "Webster, Paul"]
[Black "Lalic, Peter D"]
[Result "1-0"]
[WhiteElo "2106"]
[BlackElo "1946"]
[PlyCount "77"]
[EventDate "2009.10.25"]
[EventRounds "11"]
[EventCountry "ENG"]
[SourceDate "2009.10.24"]

1. d4 d5 2. c4 c6 3. Nc3 Nf6 4. Nf3 a6 5. c5 Bg4 6. h3 Bxf3 7. exf3 e5 8. dxe5
Nfd7 9. f4 Nxc5 10. Bd3 Nxd3+ 11. Qxd3 Nd7 12. O-O Nc5 13. Qf3 g6 14. b4 Ne6
15. Rb1 Bg7 16. Bb2 O-O 17. Ne2 f6 18. Qe3 f5 19. Nd4 Qd7 20. Nxe6 Qxe6 21. Bd4
Rae8 22. h4 h5 23. a4 b5 24. axb5 axb5 25. Bc5 Rf7 26. Ra1 Bf8 27. Ra6 Rc7 28.
Rfa1 Bxc5 29. Qxc5 Qd7 30. Ra7 Rec8 31. Rxc7 Rxc7 32. Kf1 Qe7 33. Ra8+ Kf7 34.
Qb6 d4 35. Qb8 Ke6 36. Qg8+ Qf7 37. Re8+ Re7 38. Rc8 Kd5 39. Qd8+ {
No further moves were recorded} 1-0

[Event "4NCL/Div2b/WWKS1 vs. GUI3"]
[Site "Sunningdale ENG"]
[Date "2009.10.25"]
[Round "2.6"]
[White "Higgs, Anthony RJ"]
[Black "Hunt, Malcolm A"]
[Result "1-0"]
[WhiteElo "1967"]
[BlackElo "2088"]
[PlyCount "85"]
[EventDate "2009.10.25"]
[EventRounds "11"]
[EventCountry "ENG"]
[SourceDate "2009.10.24"]

1. e4 e5 2. Bc4 Nf6 3. Nf3 Nc6 4. d3 Bc5 5. O-O d6 6. c3 Bg4 7. b4 Bb6 8. Nbd2
O-O 9. Bb2 Ne7 10. Qc2 Ng6 11. d4 Qe7 12. Rfe1 Nf4 13. b5 c5 14. bxc6 bxc6 15.
a4 c5 16. a5 Bc7 17. Re3 Rac8 18. Ba6 Rb8 19. Nb3 Be6 20. d5 Bd7 21. Nbd2 Bb5
22. Bxb5 Rxb5 23. Nc4 Rfb8 24. Ree1 Qd7 25. h3 N6h5 26. Bc1 h6 27. Bxf4 Nxf4
28. Nfd2 Qd8 29. Re3 Qg5 30. g4 Qh4 31. Qd1 Nxh3+ 32. Rxh3 Qxh3 33. Qe2 Qxc3
34. Ra3 Qc1+ 35. Kg2 Rb1 36. Nxb1 Rxb1 37. Rh3 Qg1+ 38. Kf3 Rb3+ 39. Ne3 Bxa5
40. Qa6 Qd1+ 41. Kg2 Qd2 42. Qc8+ Kh7 43. g5 1-0

[Event "4NCL/Div2b/WWKS1 vs. GUI3"]
[Site "Sunningdale ENG"]
[Date "2009.10.25"]
[Round "2.7"]
[White "Baruch, Andrew JD"]
[Black "Gibbs, Daniel C"]
[Result "1-0"]
[WhiteElo "2089"]
[BlackElo "1869"]
[PlyCount "71"]
[EventDate "2009.10.25"]
[EventRounds "11"]
[EventCountry "ENG"]
[SourceDate "2009.10.24"]

1. c4 e5 2. g3 Nc6 3. Bg2 f5 4. Nc3 Nf6 5. e3 d5 6. Nxd5 Nxd5 7. cxd5 Nb4 8. d3
Nxd5 9. a3 Be7 10. Nf3 Bf6 11. e4 Nb6 12. O-O O-O 13. d4 fxe4 14. Nxe5 Bxe5 15.
Qb3+ Kh8 16. dxe5 Qd3 17. Qxd3 exd3 18. Be4 Bf5 19. Bxf5 Rxf5 20. f4 h5 21. Rd1
Rd8 22. b3 c5 23. Be3 c4 24. Bxb6 axb6 25. bxc4 g5 26. Rd2 gxf4 27. gxf4 Rxf4
28. Rad1 Rxc4 29. Rxd3 Rg8+ 30. Rg3 Rxg3+ 31. hxg3 Rc3 32. Rd4 Rxg3+ 33. Kf2
Rxa3 34. e6 Kg8 35. Rd8+ Kg7 36. e7 1-0

[Event "4NCL/Div2b/WWKS1 vs. GUI3"]
[Site "Sunningdale ENG"]
[Date "2009.10.25"]
[Round "2.8"]
[White "Quinn, Joseph R"]
[Black "Hale, Katie LW"]
[Result "1-0"]
[WhiteElo "1828"]
[BlackElo "1954"]
[PlyCount "65"]
[EventDate "2009.10.25"]
[EventRounds "11"]
[EventCountry "ENG"]
[SourceDate "2009.10.24"]

1. e4 e6 2. d4 d5 3. e5 c5 4. c3 Nc6 5. Nf3 Qb6 6. Be2 Bd7 7. O-O Rc8 8. h3
cxd4 9. cxd4 Nge7 10. Na3 Nf5 11. Nc2 h5 12. Bd3 Nfxd4 13. Nfxd4 Nxd4 14. Be3
Bc5 15. b4 Bxb4 16. Bxd4 Bc5 17. Rb1 Qc7 18. Bxc5 Qxc5 19. Rxb7 Ba4 20. Qf3 Rf8
21. Qf4 Bc6 22. Rb2 Qc3 23. Rb3 Qa5 24. Rfb1 a6 25. Ra3 Qc5 26. Rxa6 Kd7 27.
Nd4 Qc3 28. Nxc6 Qxd3 29. Nb8+ Kc7 30. Rc1+ Kd8 31. Rd6+ Ke7 32. Rd7+ Ke8 33.
Rxc8# 1-0

[Event "4NCL/Div2b/E2E41 vs. PPA2"]
[Site "Sunningdale ENG"]
[Date "2009.10.25"]
[Round "2.1"]
[White "Sugden, John N"]
[Black "Goodger, Martyn"]
[Result "1/2-1/2"]
[WhiteElo "2235"]
[BlackElo "2147"]
[PlyCount "77"]
[EventDate "2009.10.25"]
[EventRounds "11"]
[EventCountry "ENG"]
[SourceDate "2009.10.24"]

1. e4 e5 2. Nf3 Nf6 3. d4 Nxe4 4. Bd3 d5 5. Nxe5 Nd7 6. Nxd7 Bxd7 7. O-O Qh4 8.
Nc3 Nxc3 9. bxc3 O-O-O 10. Qf3 Be6 11. g3 Qg4 12. Qxg4 Bxg4 13. Kg2 f6 14. a4
a5 15. Be3 Bd6 16. Rfb1 b6 17. c4 dxc4 18. Bxc4 Bf5 19. Rc1 Rhe8 20. c3 Be4+
21. f3 Bc6 22. Bd2 Bf8 23. Bd3 g6 24. Kf2 Bg7 25. h4 f5 26. Bg5 Rd6 27. Bc4 Bd5
28. Bxd5 Rxd5 29. Re1 Kd7 30. Rxe8 Kxe8 31. Re1+ Kf8 32. Re6 c5 33. Rxb6 cxd4
34. Rb8+ Kf7 35. Rb7+ Kg8 36. cxd4 Rxd4 37. Rb8+ Kf7 38. Rb7+ Kg8 39. Rb8+
1/2-1/2

[Event "4NCL/Div2b/E2E41 vs. PPA2"]
[Site "Sunningdale ENG"]
[Date "2009.10.25"]
[Round "2.2"]
[White "Rosen, Daniel B"]
[Black "Talbot, Andrew R"]
[Result "1-0"]
[WhiteElo "2137"]
[BlackElo "2161"]
[PlyCount "37"]
[EventDate "2009.10.25"]
[EventRounds "11"]
[EventCountry "ENG"]
[SourceDate "2009.10.24"]

1. e4 c5 2. Nc3 Nc6 3. f4 g6 4. Nf3 Bg7 5. Bc4 e6 6. O-O Nge7 7. d3 O-O 8. Bb3
d5 9. Qe1 Na5 10. Bd2 Nxb3 11. axb3 Nc6 12. Nd1 Nd4 13. Nxd4 cxd4 14. e5 Qc7
15. Bb4 Re8 16. Qh4 b6 17. Bd6 Qd8 18. Qxd8 Rxd8 19. Bc7 1-0

[Event "4NCL/Div2b/E2E41 vs. PPA2"]
[Site "Sunningdale ENG"]
[Date "2009.10.25"]
[Round "2.3"]
[White "Jackson, James P"]
[Black "Hutchinson, Norman A"]
[Result "1-0"]
[WhiteElo "2067"]
[BlackElo "2096"]
[PlyCount "141"]
[EventDate "2009.10.25"]
[EventRounds "11"]
[EventCountry "ENG"]
[SourceDate "2009.10.24"]

1. e4 c6 2. d4 d5 3. f3 e6 4. Nc3 Qb6 5. a3 Nf6 6. Be3 dxe4 7. fxe4 e5 8. Nf3
Ng4 9. Bg1 exd4 10. Qxd4 Nd7 11. Qd2 Bc5 12. Na4 Be3 13. Nxb6 Bxd2+ 14. Kxd2
axb6 15. h3 Ngf6 16. Bd3 O-O 17. Re1 Re8 18. Bd4 Nh5 19. g3 Nc5 20. g4 Nf4 21.
Be3 Ng2 22. Re2 Nxe3 23. Rxe3 Ra4 24. Rhe1 Ne6 25. Nh4 Nf4 26. Rf1 g5 27. Nf5
Bxf5 28. gxf5 Nxd3 29. cxd3 f6 30. h4 gxh4 31. Rh1 Rd4 32. Rxh4 Rd7 33. Rh6 Rf8
34. Reh3 Rg7 35. Ke3 Rff7 36. d4 Rg1 37. Rh2 Rg3+ 38. Ke2 Rb3 39. Kd1 Re3 40.
Re2 Rg3 41. Rh4 Rd7 42. Rd2 Re3 43. Kc2 Kf8 44. Rg4 Re7 45. Rh2 R3xe4 46. Rxe4
Rxe4 47. Rxh7 Rxd4 48. Rxb7 b5 49. Rc7 Rd6 50. Kc3 Ke8 51. Kb4 Kd8 52. Rf7 Ke8
53. Rh7 Rd5 54. Rc7 Rxf5 55. Rxc6 Rf2 56. b3 f5 57. Kxb5 f4 58. a4 Re2 59. a5
Re5+ 60. Kb6 Kd7 61. Rc4 Rf5 62. a6 f3 63. a7 Rf8 64. Rc2 Kd6 65. Rf2 Ke5 66.
b4 Ke4 67. b5 Ke3 68. Rxf3+ Kxf3 69. Kb7 Rf7+ 70. Ka6 Rf8 71. b6 1-0

[Event "4NCL/Div2b/E2E41 vs. PPA2"]
[Site "Sunningdale ENG"]
[Date "2009.10.25"]
[Round "2.4"]
[White "Kemp, Paul R"]
[Black "Mansson, James C"]
[Result "1/2-1/2"]
[WhiteElo "2109"]
[BlackElo "2142"]
[PlyCount "64"]
[EventDate "2009.10.25"]
[EventRounds "11"]
[EventCountry "ENG"]
[SourceDate "2009.10.24"]

1. e4 c5 2. c3 Nf6 3. e5 Nd5 4. d4 cxd4 5. Nf3 e6 6. cxd4 d6 7. Bc4 Nb6 8. Bd3
dxe5 9. dxe5 Nc6 10. O-O Be7 11. Nc3 O-O 12. Qe2 Nb4 13. Be4 N6d5 14. Rd1 Qa5
15. Bd2 Nxc3 16. Bxc3 g6 17. Qd2 Qb6 18. Qh6 Nc6 19. h4 Rd8 20. h5 Bf8 21. Qf4
Bd7 22. g3 Be8 23. Kg2 Rxd1 24. Rxd1 Rd8 25. Rh1 Bg7 26. hxg6 hxg6 27. Ng5 Nd4
28. Nh7 Ne2 29. Nf6+ Kf8 30. Nh7+ Kg8 31. Nf6+ Kf8 32. Nh7+ Kg8 1/2-1/2